|
|
|
|
| LEADER |
00000nab a2200000 a 4500 |
| 001 |
vtls008295464 |
| 003 |
SK-MaSNL |
| 005 |
20260304210641.0 |
| 008 |
250505c2005 xo mr|p|||||||000 b|slo |
| 015 |
|
|
|a SNBRB2005/08
|2 snkbucl
|
| 035 |
|
|
|a (sysno)vtls008295464
|
| 035 |
|
|
|a urn:nbn:sk:snk-ab6hyp
|
| 035 |
|
|
|a (uuid)cdbe268a-28a8-40bf-8668-f36b125af7fe
|
| 035 |
|
|
|a (urnnbn)urn:nbn:sk:snk:ar-0038t3
|
| 038 |
|
|
|a SNKBUCL
|
| 040 |
|
|
|a SNKBUCL
|b slo
|c SNKBUCL
|e AACR2
|
| 041 |
0 |
|
|a slo
|
| 044 |
|
|
|a xo
|c SK
|
| 080 |
|
|
|a 004.42:004.438Java
|2 1997
|
| 080 |
|
|
|a 004.438Java
|2 1997
|
| 080 |
|
|
|a 004.55:004.439
|2 1997
|
| 100 |
1 |
|
|a Chu, Andrej
|4 aut
|9 1116652
|
| 245 |
1 |
0 |
|a Java 2 EE
|b základy JSP
|c Andrej Chu
|
| 300 |
|
|
|b Obr.
|
| 500 |
|
|
|a Pokračovanie
|
| 650 |
0 |
7 |
|a Java 2 Enterprise Edition
|2 snkbucl
|9 70467
|
| 650 |
0 |
7 |
|a programovacie jazyky
|2 snkbucl
|9 1838
|
| 650 |
0 |
7 |
|a JavaServer Pages
|2 snkbucl
|9 120865
|
| 650 |
0 |
7 |
|a programovanie
|2 snkbucl
|9 22041
|
| 773 |
0 |
|
|t Infoware
|g Č. apríl (2005), s. 43-45
|x 1335-4787
|
| 850 |
|
|
|a Slovenská národná knižnica
|
| 852 |
|
|
|a Slovenská národná knižnica
|
| 954 |
|
|
|a odborná, vedecká literatúra pôvodná (slovenská)
|2 lita
|
| 958 |
|
|
|a article2022
|
| 958 |
|
|
|a OND
|
| 958 |
|
|
|a EUIPO
|
| 999 |
|
|
|c 3127029
|d 3128959
|